Anh phải sống Tuyển tập truyện ngắn
Đã lưu trong:
| Tác giả chính: | |
|---|---|
| Định dạng: | Sách |
| Ngôn ngữ: | Undetermined |
| Được phát hành: |
Tp. HCM.
Văn nghệ
1994
|
| Các nhãn: |
Thêm thẻ
Không có thẻ, Là người đầu tiên thẻ bản ghi này!
|
| Thư viện lưu trữ: | Trung tâm Học liệu Trường Đại học Cần Thơ |
|---|
| LEADER | 00481nam a2200169Ia 4500 | ||
|---|---|---|---|
| 001 | CTU_32454 | ||
| 008 | 210402s9999 xx 000 0 und d | ||
| 082 | |a 895.922331 | ||
| 082 | |b Kh103a/1995 | ||
| 100 | |a Khái Hưng | ||
| 245 | 0 | |a Anh phải sống | |
| 245 | 0 | |b Tuyển tập truyện ngắn | |
| 245 | 0 | |c Khái Hưng, Nhất Linh | |
| 260 | |a Tp. HCM. | ||
| 260 | |b Văn nghệ | ||
| 260 | |c 1994 | ||
| 980 | |a Trung tâm Học liệu Trường Đại học Cần Thơ | ||